| 000 | 00425nam a22001697a 4500 | ||
|---|---|---|---|
| 005 | 20251108170053.0 | ||
| 008 | 250721s2000 xx 000 0 ara d | ||
| 082 | 1 | 4 | _aط/551.46/محي |
| 245 | 1 | 0 | _aالمحيطات / |
| 264 | _c2000. | ||
| 300 | _a8ص | ||
| 490 | 0 | _aمجموعة المحيطات و البحار | |
| 650 | 1 | 7 | _aالمحيطات |
| 650 | 1 | 7 | _aعلم البحار |
| 942 |
_2ddc _cBK |
||
| 999 |
_c38989 _d38989 |
||